000
00277nam a2200121Ia 4500
008
190216s9999||||xx |||||||||||||| ||und||
100
_a
Gupta S K
245
0
_a
Manual Of Botany Practical
260
_b
Kedernath Ramnath
_c
1978
300
_a
73p
650
_a
Botany
942
_c
BK
999
_c
1313
_d
1313